<?xml version="1.0" encoding="UTF-8"?>
<record
    xmlns:xsi="http://www.w3.org/2001/XMLSchema-instance"
    xsi:schemaLocation="http://www.loc.gov/MARC21/slim http://www.loc.gov/standards/marcxml/schema/MARC21slim.xsd"
    xmlns="http://www.loc.gov/MARC21/slim">

  <leader>00867nam0a2200265   4500</leader>
  <controlfield tag="001">RU\NLR\ONL1\19461</controlfield>
  <controlfield tag="005">20250613123833.0</controlfield>
  <datafield tag="035" ind1=" " ind2=" ">
    <subfield code="a">(NLR Aleph) 009648197</subfield>
  </datafield>
  <datafield tag="090" ind1=" " ind2=" ">
    <subfield code="a">9568529</subfield>
    <subfield code="c">9568529</subfield>
  </datafield>
  <datafield tag="100" ind1=" " ind2=" ">
    <subfield code="a">20120328d1932    |||y0rusy50      ca</subfield>
  </datafield>
  <datafield tag="101" ind1="0" ind2=" ">
    <subfield code="a">kom</subfield>
  </datafield>
  <datafield tag="102" ind1=" " ind2=" ">
    <subfield code="a">RU</subfield>
  </datafield>
  <datafield tag="105" ind1=" " ind2=" ">
    <subfield code="a">a |||||||||</subfield>
  </datafield>
  <datafield tag="200" ind1="1" ind2=" ">
    <subfield code="a">&#x41F;&#x440;&#x443;&#x436;&#x438;&#x43D;&#x43D;&#xF6;&#x439; &#x43F;&#x438;&#x43B;&#x430; "&#x41A;&#x43E;&#x43C;&#x43F;&#x438;&#x441;" &#x434;&#x430; &#x43A;&#x44B;&#x434;&#x437;&#x438; &#x441;&#x438;&#x439;&#xF6;&#x43D; &#x443;&#x434;&#x436;&#x430;&#x432;&#x43D;&#x44B;</subfield>
    <subfield code="f">&#x421;. &#x418;. &#x41E;&#x440;&#x435;&#x448;&#x43A;&#x438;&#x43D;</subfield>
  </datafield>
  <datafield tag="210" ind1=" " ind2=" ">
    <subfield code="a">&#x421;&#x44B;&#x43A;&#x442;&#x44B;&#x432;&#x43A;&#x430;&#x440;</subfield>
    <subfield code="c">&#x41A;&#x43E;&#x43C;&#x438; &#x433;&#x438;&#x437;</subfield>
    <subfield code="d">1932</subfield>
  </datafield>
  <datafield tag="215" ind1=" " ind2=" ">
    <subfield code="a">48 &#x441;.</subfield>
    <subfield code="c">&#x438;&#x43B;.</subfield>
    <subfield code="d">15</subfield>
  </datafield>
  <datafield tag="541" ind1="1" ind2=" ">
    <subfield code="a">&#x41F;&#x440;&#x443;&#x436;&#x438;&#x43D;&#x43D;&#x430;&#x44F; &#x43F;&#x438;&#x43B;&#x430; "&#x41A;&#x43E;&#x43C;&#x43F;&#x438;&#x441;" &#x438; &#x43A;&#x430;&#x43A; &#x441; &#x43D;&#x435;&#x439; &#x440;&#x430;&#x431;&#x43E;&#x442;&#x430;&#x442;&#x44C;</subfield>
    <subfield code="z">rus</subfield>
  </datafield>
  <datafield tag="606" ind1="0" ind2=" ">
    <subfield code="a">&#x41F;&#x438;&#x43B;&#x44B;</subfield>
    <subfield code="9">1503091</subfield>
    <subfield code="3">RU\NLR\auth\66651774</subfield>
  </datafield>
  <datafield tag="686" ind1="1" ind2=" ">
    <subfield code="a">&#x41F;07</subfield>
  </datafield>
  <datafield tag="700" ind1=" " ind2="1">
    <subfield code="a">&#x41E;&#x440;&#x435;&#x448;&#x43A;&#x438;&#x43D;</subfield>
    <subfield code="b">&#x421;. &#x418;.</subfield>
    <subfield code="4">070</subfield>
  </datafield>
  <datafield tag="801" ind1=" " ind2="0">
    <subfield code="a">RU</subfield>
    <subfield code="b">NLR</subfield>
    <subfield code="c">20120328</subfield>
    <subfield code="g">PSBO</subfield>
  </datafield>
  <datafield tag="852" ind1=" " ind2=" ">
    <subfield code="a">NLR</subfield>
    <subfield code="b">&#x41E;&#x41D;&#x41B;</subfield>
    <subfield code="j">&#x41A;&#x43E;&#x43C;&#x438;-&#x437;./1-271</subfield>
  </datafield>
  <datafield tag="942" ind1=" " ind2=" ">
    <subfield code="c">BOOK</subfield>
  </datafield>
  <datafield tag="980" ind1=" " ind2=" ">
    <subfield code="a">NB</subfield>
  </datafield>
  <datafield tag="995" ind1=" " ind2=" ">
    <subfield code="5">2013-10-26</subfield>
    <subfield code="b">NLR01</subfield>
    <subfield code="c">NLR01</subfield>
    <subfield code="e">ONL</subfield>
    <subfield code="f">1-2407771</subfield>
    <subfield code="k">&#x41A;&#x43E;&#x43C;&#x438;-&#x437;./1-271</subfield>
    <subfield code="o">0</subfield>
    <subfield code="r">BOOK</subfield>
    <subfield code="s">1271_</subfield>
  </datafield>
</record>
